00409nam a2200157Ia 4500008004100000020001800041082001700059100001800076245004900094250000800143260003000151300001300181500002400194650001500218700001800233230524s9999 xx 000 0 und d a9788177582291 a381.142bRAN aM.Ranganatham 0aInvestment Analysis And Portfolio Management aIST aNEW DELHIb Pearsonc2008 aXIII;522 aQuantity Number: 4 aManagement a R.Madhumati